[Event "COL-ch U12 Girls"]
[Site "Bogota"]
[Date "2015.05.18"]
[Round "9"]
[White "Olier Robayo, Mishelle Dayana"]
[Black "Mogollon Tovar, Diana Alejandra"]
[Result "1-0"]
[WhiteElo "1503"]
[BlackElo "1519"]
[PlyCount "67"]
[EventDate "2015.05.13"]
[EventType "tourn"]
[EventRounds "9"]
[EventCountry "COL"]
[SourceTitle "CBM 166 Extra"]
[Source "ChessBase"]
[SourceDate "2015.06.18"]
[SourceVersion "1"]
[SourceVersionDate "2015.06.18"]
[SourceQuality "1"]

1. e4 c5 2. d3 e6 3. Nd2 g6 4. Ngf3 Bg7 5. g3 Nc6 6. Bg2 Nge7 7. 0-0 b6 8. Re1 0-0 9. Nf1 h6 10. h4 Qc7 11. N1h2 Bb7 12. Ng4 f5 13. Ngh2 d5 14. Qe2 Ba6 15. exd5 exd5 16. g4 Rae8 17. Qe6+ Kh7 18. gxf5 Rxf5 19. Qe2 c4 20. Qd2 Nd4 21. Nxd4 Bxd4 22. Qxh6+ Kg8 23. Ng4 Rh5 24. Bxd5+ Rxd5 25. Bg5 Rxg5 26. Qxg5 Qg3+ 27. Kh1 Bb7+ 28. Re4 Bxe4+ 29. dxe4 Qf3+ 30. Kh2 Qxe4 31. c3 Bc5 32. Nf6+ Kg7 33. Nxe4 Bxf2 34. Qf6+ 1-0

[Event "COL-ch U12 Girls"]
[Site "Bogota"]
[Date "2015.05.17"]
[Round "8"]
[White "Mogollon Tovar, Diana Alejandra"]
[Black "Diaz, Luisa Fernanda"]
[Result "0-1"]
[WhiteElo "1519"]
[BlackElo "1437"]
[PlyCount "86"]
[EventDate "2015.05.13"]
[EventType "tourn"]
[EventRounds "9"]
[EventCountry "COL"]
[SourceTitle "CBM 166 Extra"]
[Source "ChessBase"]
[SourceDate "2015.06.18"]
[SourceVersion "1"]
[SourceVersionDate "2015.06.18"]
[SourceQuality "1"]

1. e4 c5 2. Nc3 e6 3. d3 d5 4. exd5 exd5 5. Be2 Be6 6. Bd2 Nf6 7. Nf3 a6 8. b3 Bd6 9. g3 Nc6 10. h4 Qe7 11. Qc1 Bg4 12. 0-0 0-0 13. Bh6 gxh6 14. Qxh6 Bxf3 15. Bxf3 Qe5 16. Ne2 Ne7 17. Rfe1 Nf5 18. Qg5+ Ng7 19. Qh6 Qf5 20. Bg2 Ng4 21. Qxd6 Qxf2+ 22. Kh1 Rae8 23. Rf1 Qxe2 24. Rae1 Qxc2 25. Rxe8 Rxe8 26. Qxd5 Rf8 27. a4 Ne3 28. Qxb7 Nxf1 29. Bxf1 Nf5 30. b4 Nxg3+ 31. Kg1 Nxf1 32. Kxf1 Qxd3+ 33. Kg1 Qd4+ 34. Kf1 Qxb4 35. Qxa6 Rd8 36. a5 Rd1+ 37. Ke2 Qd2+ 38. Kf3 Qd3+ 39. Qxd3 Rxd3+ 40. Ke4 c4 41. h5 Rd8 42. Ke3 c3 43. Ke2 c2 0-1

[Event "COL-ch U12 Girls"]
[Site "Bogota"]
[Date "2015.05.17"]
[Round "7"]
[White "Perez Valcarcel, Maria Jose"]
[Black "Mogollon Tovar, Diana Alejandra"]
[Result "1-0"]
[WhiteElo "1370"]
[BlackElo "1519"]
[PlyCount "39"]
[EventDate "2015.05.13"]
[EventType "tourn"]
[EventRounds "9"]
[EventCountry "COL"]
[SourceTitle "CBM 166 Extra"]
[Source "ChessBase"]
[SourceDate "2015.06.18"]
[SourceVersion "1"]
[SourceVersionDate "2015.06.18"]
[SourceQuality "1"]

1. e4 c5 2. Nf3 Nc6 3. d4 cxd4 4. Nxd4 e5 5. Nb3 g6 6. Nc3 Bg7 7. Be3 Nf6 8. f3 d6 9. Qd2 Be6 10. g4 Bxb3 11. axb3 h6 12. Nb5 Bf8 13. 0-0-0 a6 14. Nxd6+ Bxd6 15. Qxd6 Qxd6 16. Rxd6 Ng8 17. Bh3 f6 18. g5 f5 19. exf5 a5 20. f6 1-0

[Event "COL-ch U12 Girls"]
[Site "Bogota"]
[Date "2015.05.14"]
[Round "3"]
[White "Libos, Paula"]
[Black "Mogollon Tovar, Diana Alejandra"]
[Result "0-1"]
[WhiteElo "1375"]
[BlackElo "1519"]
[PlyCount "44"]
[EventDate "2015.05.13"]
[EventType "tourn"]
[EventRounds "9"]
[EventCountry "COL"]
[SourceTitle "CBM 166 Extra"]
[Source "ChessBase"]
[SourceDate "2015.06.18"]
[SourceVersion "1"]
[SourceVersionDate "2015.06.18"]
[SourceQuality "1"]

1. e4 e5 2. Nf3 Nc6 3. Nc3 Bc5 4. Nxe5 Nxe5 5. d4 Bb4 6. dxe5 Bxc3+ 7. bxc3 f6 8. exf6 Nxf6 9. Bg5 0-0 10. Bc4+ Kh8 11. 0-0 Qe8 12. Bxf6 Rxf6 13. Qe1 d6 14. Rd1 Rg6 15. Bd3 Bh3 16. Qe3 Rxg2+ 17. Kh1 Qh5 18. Rg1 Rxg1+ 19. Rxg1 Rg8 20. Bc4 Rf8 21. Qd4 Qf3+ 22. Rg2 Qxg2# 0-1